书目信息 |
| 题名: |
国际工程管理实用英语口语:承包工程在国外
|
|
| 作者: | 张水波 , 刘英 编著 | |
| 分册: | ||
| 出版信息: | 北京 中国建筑工业出版社 1997.08 |
|
| 页数: | 170页 | |
| 开本: | 16开 | |
| 丛书名: | ||
| 单 册: | ||
| 中图分类: | H319.9 | |
| 科图分类: | ||
| 主题词: | 英语 | |
| 电子资源: | ||
| ISBN: | 7-112-03256-3 | |
| 000 | 00674nam0 2200205 45 | |
| 001 | 0101021698 | |
| 005 | 20010102164119.6 | |
| 010 | @a7-112-03256-3@d15.00元 | |
| 100 | @a20010102d1997 km y0chiy0120 ea | |
| 101 | 0 | @achi |
| 105 | @a z 000yy | |
| 200 | 1 | @a国际工程管理实用英语口语:承包工程在国外@AGuo Ji Gong Cheng Guan Li Shi Yong Ying Yu Kou Yu:Cheng Bao Gong Cheng Zai Guo Wai@f张水波,刘英编著@FZhang Shui Bo,Liu Ying Bian Zhu |
| 210 | @a北京@c中国建筑工业出版社@d1997.08 | |
| 215 | @a170页@d16开 | |
| 606 | 0 | @a英语 |
| 690 | @aH319.9@v3 | |
| 701 | 0 | @a张水波@4编著 |
| 701 | 0 | @a刘英@4编著 |
| 801 | @aCN@bPftUser@c20010102 | |
| 905 | @b319162-166@dH319.9@eZH071@f5 | |
| 国际工程管理实用英语口语:承包工程在国外/张水波,刘英编著.-北京:中国建筑工业出版社,1997.08 |
| 170页;16开 |
| ISBN 7-112-03256-3:15.00元 |
| ● |
| 相关链接 |
|
|
|
正题名:国际工程管理实用英语口语:承包工程在国外
索取号:H319.9/ZH071
 
预约/预借
| 序号 | 登录号 | 条形码 | 馆藏地/架位号 | 状态 | 备注 |
| 1 | 319162 | 203191624 | 语言库209/209语言库 114排2列4层/ [索取号:H319.9/ZH071] | 在馆 | |
| 2 | 319163 | 203191633 | 语言库209/209语言库 114排2列4层/ [索取号:H319.9/ZH071] | 在馆 | |
| 3 | 319164 | 203191642 | 语言库209/209语言库 114排2列4层/ [索取号:H319.9/ZH071] | 在馆 | |
| 4 | 319165 | 203191651 | 语言库209/209语言库 114排2列4层/ [索取号:H319.9/ZH071] | 在馆 | |
| 5 | 319166 | 203191660 | 语言库209/209语言库 114排2列4层/ [索取号:H319.9/ZH071] | 在馆 |